Statistics for NFL Black Quarterbacks

Click here to take the quiz!

General Stats

  • This quiz has been taken 7,585 times
    (661 since last reset)
  • The average score is 17 of 47

Answer Stats

Years ActiveQuarterback% Correct
2018–Lamar Jackson
91%
2017–Patrick Mahomes
82%
2006–2013Tarvaris Jackson
82%
2001–2015Michael Vick
70%
2023–Bryce Young
69%
2006–2013Vince Young
65%
2016–Dak Prescott
62%
2020–Jalen Hurts
60%
2012–Russell Wilson
57%
2011–2021Cam Newton
55%
2013–Geno Smith
53%
2017–Deshaun Watson
52%
1999–2002Akili Smith
50%
1981–2000Warren Moon
49%
2021–Justin Fields
48%
1999–2011Donovan McNabb
47%
2019–Kyler Murray
47%
2015–Jameis Winston
46%
2011–Tyrod Taylor
42%
1985–2001Randall Cunningham
40%
2012–2020Robert Griffin III
40%
1978–1989Doug Williams
36%
2021–Jordan Love
36%
2014–Teddy Bridgewater
35%
1995–2007Steve McNair
34%
1999–2009Daunte Culpepper
33%
2007–2009JaMarcus Russell
32%
2011–2016Colin Kaepernick
27%
2022–Desmond Ridder
25%
2016–Jacoby Brissett
25%
1995–2005Kordell Stewart
18%
2013–2017EJ Manuel
17%
2002–2013David Garrard
14%
2009–2013Josh Freeman
14%
2003–2012Byron Leftwich
13%
1999–2006Aaron Brooks
12%
2006–2014Jason Campbell
11%
1998–2012Charlie Batch
9%
1969–1981James Harris
9%
1992–2005Jeff Blake
9%
1989–2004Rodney Peete
9%
2003–2013Seneca Wallace
8%
2001–2004Quincy Carter
7%
1996–2005Tony Banks
7%
1977–1995Vince Evans
7%
1999–2004Shaun King
6%
1999–2007Anthony Wright
5%

Score Distribution

Percentile by Number Answered

Percent of People with Each Score

Your Score History

You have not taken this quiz since the last reset